| 000 | 00802nas a2200265 4500 | ||
|---|---|---|---|
| 001 | BR0405920 | ||
| 003 | BR-BrBNA | ||
| 005 | 20231205105029.0 | ||
| 007 | ta | ||
| 008 | 230509b bl.|||p| |||| 00| 00por d | ||
| 040 |
_aBR-BrBNA _bpor _cBiblioteca Nacional de Agricultura |
||
| 041 | _a(Pt) | ||
| 072 | _aE80 | ||
| 100 | 1 | _aFurtuoso, M.C.O. | |
| 100 | 1 | _aSturion, G.L. | |
| 100 | 1 | _aCalil, N.M. | |
| 245 | 1 | _aAnálise comparativa entre diferentes circuladores de ar | |
| 650 | _aEQUIPAMENTO DOMÉSTICO | ||
| 650 | _aCONSUMO | ||
| 650 | _aENERGIA ELÉTRICA | ||
| 650 | _aECONOMIA DOMÉSTICA | ||
| 773 | 0 |
_tOIKOS - Revista Brasileira de Economia Doméstica (Brazil) _xISSN 0101-5273 _g(1987), v. 5(1) p. 69-71 _wBR0405920 |
|
| 909 |
_a202311 _bLúcia _c55 _dLúcia Elande |
||
| 942 |
_2AGRIS _n0 _cANA |
||
| 999 |
_c180865 _d180865 |
||